00622 2200169 4500245003800000020002200038250001100060100001500071650002000086005001900106260002800125041001400153084000800167300002300175500024500198336000900443 aArti KehilangancAde RahayuhText a978-602-1310-60-1 aCet. 1 aAde Rahayu aNovel Indonesia a20231002134257 aJakartabEutheniac2015 aIndonesia a813 a152 hlm. :c19 cm. aJalan hidup selalu dipenuhi rahasia, namu, kehilangan adalah jalan yang begitu memilukan. Seakan sebagian dari diri kita tercabut,terhempas,dan hilang. Tak ada lagi senyuman, tak ada lagi hangatnya sapa, semua menjadi sepi,hening dan kelam. atext